Outlines of African countries (Very Hard +) - Statistics

General Stats
  • This quiz has been taken 151 times
    99 since last reset
  • The average score is 29 of 67
Answer Stats
Picture Hint Answer % Correct
Madagascar
71%
Somalia
71%
Benin
69%
Eritrea
69%
Ethiopia
66%
Mali
66%
Senegal
66%
Egypt
63%
South Africa
63%
Togo
63%
Equatorial Guinea
60%
Malawi
60%
Namibia
60%
The Gambia
60%
Mozambique
57%
Tanzania
57%
Algeria
54%
Ghana
54%
Angola
51%
Chad
51%
Libya
51%
Morocco
51%
Niger
51%
Sahrawi Arab Democratic Republic
51%
Canary Islands Spain
51%
Tunisia
51%
Zambia
51%
Republic of the Congo
49%
Sudan
49%
Cameroon
46%
Democratic Republic of the Congo
46%
Gabon
46%
Guinea
46%
Pelagie Islands Italy
46%
Liberia
46%
Mauritania
46%
Cape Verde
43%
Comoros
43%
Kenya
43%
Nigeria
43%
Madeira Portugal
43%
South Sudan
43%
Botswana
40%
Burkina Faso
40%
Central African Republic
40%
Guinea-Bissau
40%
Ivory Coast
40%
São Tomé and Príncipe
40%
Seychelles
40%
Burundi
37%
Djibouti
37%
Lesotho
34%
Socotra Yemen
34%
Eswatini
31%
Zimbabwe
31%
Mauritius
29%
Uganda
29%
Sierra Leone
26%
Rwanda
23%
Mayotte
9%
Somaliland
9%
Reunion
6%
Saint Helena
6%
Ascension
3%
French Southern and Antarctic Lands
0%
Tristan da Cunha
0%
Zanzibar
0%
No matching quizzes found
Score Distribution
Percent of People with Each Score
Percentile by Number Answered
Your Score History
You have not taken this quiz since the last reset